| 000 | 01656cad a22002415a 4500 | ||
|---|---|---|---|
| 001 | L148711 | ||
| 008 | 091026s2009 xxkado f 000 0 eng d | ||
| 035 | _a(Sirsi) u148711 | ||
| 041 | 0 | _aeng | |
| 050 | 0 | 4 | _a338.47624 $2 18 |
| 110 | 2 |
_aConstructing Excellence in the Built Environment _94925 |
|
| 245 | 0 | 0 |
_aNever waste a good crisis _ba review of progress since Rethinking Construction and thoughts for our future _h[electronic resource] |
| 260 |
_aLondon _bConstructing Excellence _c2009 |
||
| 505 | 2 | _aForewords -- Executive summary -- Introduction by Andrew Wolstenholme, Chair of the Review Team -- A Brief refresher course on Rethinking Construction -- Progress so far -- The evidence -- Blockers to progress -- Our analysis -- Big themes for future action and some quick wins -- Appendices -- References | |
| 520 | _aReviews the improvements in the UK construction industry since Sir John Egan's report "Rethinking construction" in 1998. Finds that most areas still need to reach the targets set out in this report. Identifies several blockers to improvement of the construction industry including business models based on short term cycles. Provides recommendations for the UK construction industry, including choosing new business models; integrating education and training; supporting a low carbon economy. | ||
| 521 | _aAdvanced | ||
| 590 | _aKA NTK | ||
| 651 | 4 | _aUnited Kingdom | |
| 690 |
_aConstruction management _96230 |
||
| 700 | 1 | _aWolstenholme, Andrew | |
| 856 | 4 | 0 |
_uhttps://www.constructingexcellence.org.uk/news/article.jsp?id=10886 _zView the report free of charge at www.constructingexcellence.org.uk... |
| 942 |
_n0 _2ddc |
||
| 999 |
_c110179 _d110179 |
||